[Event "Ciocaltea Mem"]
[Site "Bucharest ROM"]
[Date "2002.03.06"]
[Round "3"]
[White "Rogozenko,D"]
[Black "Miljanic,B"]
[Result "1/2-1/2"]
[WhiteElo "2530"]
[BlackElo "2431"]

1.d4 Nf6 2.c4 g6 3.Nc3 Bg7 4.e4 d6 5.Nf3 O-O 6.Be2 e5 7.O-O Nc6 8.d5 Ne7
9.b4 a5 10.Ba3 b6 11.bxa5 Rxa5 12.Bb4 Ra8 13.a4 Re8 14.Nd2 c5 15.Ba3 Rf8
16.Bb2 Ne8 17.Nb5 Bh6 18.Qc2 f5 19.f4 exf4 20.e5 dxe5 21.Bxe5 g5 22.Bb2 g4
23.Rae1 Ng6 24.Nb3 Bg5 25.Bd3 Bh4 26.Rd1 Nd6 27.a5 Rf7 28.Kh1 h5 29.axb6 Qxb6
30.Ra1 Rxa1 31.Rxa1 Kh7 32.N3d4  1/2-1/2

[Event "FSIMB March"]
[Site "Budapest HUN"]
[Date "2002.03.07"]
[Round "6"]
[White "Dub,Z"]
[Black "Cooke,E"]
[Result "1/2-1/2"]
[WhiteElo "2238"]
[BlackElo "2195"]

1.d4 Nf6 2.c4 g6 3.Nc3 Bg7 4.e4 d6 5.Be2 O-O 6.Nf3 e5 7.O-O Nc6 8.d5 Ne7
9.b4 a5 10.Ba3 axb4 11.Bxb4 b6 12.a4 Ne8 13.Nb5 Bh6 14.a5 bxa5 15.Rxa5 Rxa5
16.Bxa5 f5 17.c5 fxe4 18.cxd6 exf3 19.dxe7 Qxe7 20.Bxf3 Qc5 21.Qb3 Nd6 22.Nxd6 cxd6  1/2-1/2

[Event "Anibal Open"]
[Site "Linares ESP"]
[Date "2002.03.07"]
[Round "7"]
[White "Johannessen,LE"]
[Black "Arencibia,W"]
[Result "1/2-1/2"]
[WhiteElo "2427"]
[BlackElo "2542"]

1.d4 Nf6 2.c4 g6 3.Nc3 Bg7 4.e4 d6 5.Nf3 O-O 6.Be2 e5 7.O-O Nc6 8.d5 Ne7
9.Ne1 Nd7 10.Be3 f5 11.f3 f4 12.Bf2 g5 13.a4 Ng6 14.a5 Kh8 15.g4 fxg3 16.hxg3 Nf6
17.Kg2 Rg8 18.Nc2 g4 19.fxg4 Bh6 20.Ne3 Bxe3 21.Bxe3 Nxg4 22.Bxg4 Bxg4 23.Qe1 Qd7
24.Kh2 Raf8 25.Bh6 Rf3 26.Rxf3 Bxf3 27.Qe3 Nf4 28.Bxf4 Qg4 29.Rf1 Qh5+ 30.Kg1 exf4
31.Qxf4 Qh1+ 32.Kf2 Qg2+ 33.Ke3 Qxf1 34.Qf6+  1/2-1/2

[Event "ch-POL w"]
[Site "Ostrow POL"]
[Date "2002.03.07"]
[Round "3"]
[White "Zielinska,Mar"]
[Black "Socko,M"]
[Result "1/2-1/2"]
[WhiteElo "2410"]
[BlackElo "2353"]

1.d4 Nf6 2.c4 g6 3.Nc3 Bg7 4.e4 d6 5.Nf3 O-O 6.Be2 e5 7.O-O Nc6 8.Be3 Ng4
9.Bg5 f6 10.Bc1 exd4 11.Nxd4 Nxd4 12.Qxd4 f5 13.Qd5+ Kh8 14.Bxg4 fxg4 15.Be3 c6
16.Qd3 Be5 17.Bd4 Qf6 18.Rad1 Be6 19.b3 Rad8 20.Qe3 b6 21.Bxe5 dxe5 22.c5 Rd4
23.Ne2 Rxd1 24.Rxd1 Rd8 25.Rf1 b5 26.Qc3 Qg5 27.Qa5 Qe7 28.Re1 Rd7 29.Qc3 Qg5
30.Nc1 Rd4 31.Nd3 a5 32.Re3 Kg8 33.g3 b4 34.Qa1 Bc8 35.a3 Ba6 36.Ne1 Bb5
37.axb4 axb4 38.Qa8+ Qd8 39.Qxd8+ Rxd8 40.f3 h5 41.fxg4 hxg4 42.Nc2 Rd2 43.Nxb4 Rd1+
44.Kf2 Rf1+ 45.Kg2 Rc1 46.h4 Rxc5 47.Kf2 Kf7 48.Nd3 Rc2+ 49.Ke1 Bxd3 50.Rxd3 Ke6
51.Kd1 Rg2 52.Ke1 Kf7 53.Kf1 Rc2 54.Ke1  1/2-1/2

[Event "ch-RUS Boys U20"]
[Site "Vladimir RUS"]
[Date "2002.03.08"]
[Round "7"]
[White "Evdokimov,Alexa"]
[Black "Kurnosov,I"]
[Result "1/2-1/2"]
[WhiteElo "2367"]
[BlackElo "2419"]

1.d4 Nf6 2.c4 g6 3.Nc3 Bg7 4.e4 d6 5.Nf3 O-O 6.Be2 e5 7.O-O Nc6 8.d5 Ne7
9.b4 a5 10.Ba3 axb4 11.Bxb4 Nd7 12.a4 Bh6 13.a5 f5 14.Nd2 Nf6 15.c5 Bxd2
16.Qxd2 fxe4 17.cxd6 cxd6 18.Na4 Nf5 19.Nb6 Rb8 20.Rac1 Bd7 21.Rfe1 Be8 22.Bc4 h6
23.Ba2 g5 24.Qc3 Bg6 25.h3 h5 26.Bb1 Nd4 27.Qe3 Rf7 28.Rc3 Rg7 29.Qc1 Bf5
30.Rg3 g4 31.h4 Kh7 32.Bd2 Qe8 33.Bg5 Nd7 34.Bxe4 Bxe4 35.Rxe4 Nc5 36.Re1 Qg6
37.Qd1 Ne4 38.Rd3 Rf8 39.Be3 Nf3+ 40.Kf1  1/2-1/2

[Event "ch-RUS Girls U20"]
[Site "Vladimir RUS"]
[Date "2002.03.08"]
[Round "7"]
[White "Ovod,E"]
[Black "Fominykh,M"]
[Result "1/2-1/2"]
[WhiteElo "2355"]
[BlackElo "2163"]

1.d4 g6 2.c4 Bg7 3.Nc3 d6 4.e4 Nf6 5.Nf3 O-O 6.Be2 e5 7.O-O Nc6 8.d5 Ne7
9.b4 Ne8 10.c5 f5 11.a4 h6 12.Nd2 Rf7 13.a5 Rb8 14.Bc4 f4 15.f3 g5 16.Nb5 Ra8
17.c6 Bf8 18.cxb7 Bxb7 19.a6 Bc8 20.Qe1 Bd7 21.Qf2 Nc8 22.Nc3 Rb8 23.b5 Rg7
24.Nb3 h5 25.Na5 Qf6 26.Nc6 Ra8 27.Bd2 g4 28.fxg4 Bxg4 29.Kh1 Qg6 30.g3 Nf6
31.Rae1 Bh3 32.Rg1 Ng4 33.Qf3 fxg3 34.Qxg3 h4 35.Qxh4 Qf7 36.Rg3 Qf2 37.Qxh3 Qxd2
38.Rf1 Nf2+  1/2-1/2

[Event "FSGM March"]
[Site "Budapest HUN"]
[Date "2002.03.09"]
[Round "8"]
[White "Lukacs,P"]
[Black "Varga,Zo"]
[Result "1/2-1/2"]
[WhiteElo "2444"]
[BlackElo "2510"]

1.d4 Nf6 2.c4 g6 3.Nc3 Bg7 4.e4 d6 5.Nf3 O-O 6.Be2 e5 7.O-O Nc6 8.d5 Ne7
9.Ne1 Nd7 10.Nd3 f5 11.Bd2 Nf6 12.f3 f4 13.c5 g5 14.g4 h5 15.h3 Ng6 16.Be1 Rf7
17.Rc1 hxg4 18.hxg4 Bd7 19.Kg2 Nh4+ 20.Bxh4 gxh4 21.cxd6 cxd6 22.Nf2 Nh7
23.Nh3 Ng5 24.Bb5 Bc8 25.Be2 Bd7 26.Bb5  1/2-1/2

[Event "TCh-AUT 2001-2"]
[Site "Dornbirn AUT"]
[Date "2002.03.09"]
[Round "10"]
[White "Lehner,O"]
[Black "Uhlmann,W"]
[Result "1/2-1/2"]
[WhiteElo "2437"]
[BlackElo "2458"]

1.d4 Nf6 2.c4 g6 3.Nc3 Bg7 4.e4 O-O 5.Be2 d6 6.Nf3 e5 7.O-O Nc6 8.d5 Ne7
9.Kh1 Nd7 10.g4 f5 11.gxf5 gxf5 12.Ng5 Nc5 13.Rg1 Nxe4 14.Ncxe4 fxe4 15.Bh5 Kh8
16.Nf7+ Rxf7 17.Bxf7 Qf8 18.Qh5 Bd7 19.Rxg7 Qxg7 20.Bh6 Qf6 21.Bg5 Qxf2 22.Bxe7 Bg4
23.Qxg4 Qxf7 24.Bg5 Qf3+ 25.Qxf3 exf3 26.Be3 Kg7 27.Kg1 Kf6 28.Kf2 e4 29.Bf4 Kf5
30.Ke3 Rg8 31.Bg3 a6 32.Rg1 b5 33.cxb5 axb5 34.a3 b4 35.a4 Ra8 36.b3 Ra5
37.Kd4 Rc5 38.Ra1 e3 39.a5 f2 40.Kxe3 Rxa5 41.Rf1 Rxd5 42.Rxf2+ Ke6 43.Rf4 c5
44.Rh4 h5 45.Re4+ Kd7 46.Kf4 Kc6 47.Re3 Kb5 48.h4 c4 49.Be1 c3 50.Bxc3 bxc3
51.Rxc3  1/2-1/2

[Event "Anibal Open"]
[Site "Linares ESP"]
[Date "2002.03.09"]
[Round "9"]
[White "Johannessen,LE"]
[Black "Fedorov,Alex"]
[Result "1/2-1/2"]
[WhiteElo "2427"]
[BlackElo "2589"]

1.d4 Nf6 2.c4 g6 3.Nc3 Bg7 4.e4 d6 5.Nf3 O-O 6.Be2 e5 7.O-O Nc6 8.d5 Ne7
9.Ne1 Nd7 10.Be3 f5 11.f3 f4 12.Bf2 g5 13.a4 Ng6 14.a5 Kh8 15.g4 fxg3 16.hxg3 Rg8
17.Kg2 Bf8 18.Rh1 Nf6 19.Kf1 g4 20.fxg4 Ne7 21.Rh4 Ng6 22.Rh1 Ne7 23.Rh4 Ng6
24.Rh1  1/2-1/2

[Event "ch-RUS Boys U20"]
[Site "Vladimir RUS"]
[Date "2002.03.10"]
[Round "9"]
[White "Evdokimov,Alexa"]
[Black "Khismatullin,D"]
[Result "0-1"]
[WhiteElo "2367"]
[BlackElo "2449"]

1.d4 Nf6 2.Nf3 g6 3.c4 Bg7 4.Nc3 d6 5.e4 O-O 6.Be2 e5 7.O-O Nc6 8.d5 Ne7
9.b4 a5 10.Ba3 axb4 11.Bxb4 b6 12.a4 Ne8 13.Nb5 f5 14.Nd2 Bh6 15.Bf3 Nf6
16.a5 bxa5 17.Rxa5 Ba6 18.Qc2 c5 19.Rfa1 cxb4 20.Rxa6 Rxa6 21.Rxa6 Bxd2 22.Qxd2 fxe4
23.Be2 Nf5 24.Qxb4 e3 25.fxe3 Ne4 26.c5 Qh4 27.Ra1 Qf2+ 28.Kh1 Qxe3  0-1

[Event "Ciocaltea Mem"]
[Site "Bucharest ROM"]
[Date "2002.03.14"]
[Round "11"]
[White "Rogozenko,D"]
[Black "Djukic,Ni"]
[Result "1/2-1/2"]
[WhiteElo "2530"]
[BlackElo "2383"]

1.d4 Nf6 2.c4 g6 3.Nc3 Bg7 4.e4 d6 5.Be2 O-O 6.Nf3 e5 7.O-O Nc6 8.d5 Ne7
9.b4 a5 10.Ba3 axb4 11.Bxb4 b6 12.a4 Re8 13.Qd3 Nh5 14.g3 f5 15.a5 bxa5 16.Bxa5 fxe4
17.Nxe4 Bf5 18.Nfd2 Qd7 19.Bc3 Nf6 20.Nxf6+ Bxf6 21.Ne4 Bg7 22.Rfb1 Kh8 23.Qc2 c6
24.dxc6 Nxc6 25.Rxa8 Rxa8 26.Rd1 Nd4 27.Bxd4 exd4 28.Bd3 d5 29.Nc5 Bxd3 30.Nxd3 dxc4
31.Qxc4 Rc8 32.Qa6 Qc6 33.Qxc6 Rxc6 34.Rb1 Bf6 35.Rb8+ Kg7 36.Rb7+ Kg8 37.Rd7 Rc3
38.Nf4 Be5 39.Ne6 Bf6 40.Kg2 Ra3 41.h3 Ra6 42.Nc5 Rc6 43.Ne4 h6 44.Nxf6+ Rxf6
45.Rxd4 Ra6 46.g4 g5 47.Rd7 Ra3 48.f3 Rb3 49.Kg3 Ra3 50.Rd5 Kg7 51.Rf5 Kg6
52.h4 Ra2 53.h5+ Kg7 54.Rb5 Rc2 55.Rb7+ Kg8 56.Rb1 Kg7 57.Rf1 Ra2 58.Rf2 Ra1
59.Rb2 Rf1 60.Rd2 Ra1 61.Rd7+ Kg8 62.Kf2 Ra3 63.Ke2 Rb3 64.Rd3 Rb4 65.Ke3 Rf4
66.Rd4 Rf6 67.f4 gxf4+ 68.Rxf4 Ra6 69.Rd4 Kg7 70.Rd7+ Kf6 71.Kf4 Ra4+ 72.Kg3 Ra3+
73.Kh4 Ra6 74.Rh7 Ke5 75.Rg7 Rb6 76.Rf7 Ke6 77.Rf8 Ra6 78.Rf4 Ra5 79.Rb4 Kf6
80.Rb6+ Kg7 81.Rb7+ Kg8 82.Kg3 Ra4 83.Re7 Rb4 84.Kf3 Ra4 85.Re4 Ra5 86.Kf4 Rg5
87.Re5 Rg7 88.Re6 Kh7 89.Rf6 Rg5 90.Rf7+ Kh8 91.Re7 Rg8 92.Re4 Rg5 93.Re6 Kh7
94.Ra6 Rg7 95.Ra4 Rg5 96.Re4 Kh8 97.Re7 Rg8 98.Kf5 Rg5+ 99.Kf6 Rxg4 100.Re8+ Kh7
101.Re7+ Kh8 102.Re8+ Kh7  1/2-1/2

[Event "Spring Festival"]
[Site "Budapest HUN"]
[Date "2002.03.15"]
[Round "1"]
[White "Alfred,N"]
[Black "Frank,T"]
[Result "0-1"]
[WhiteElo "2247"]
[BlackElo "2082"]

1.d4 Nf6 2.Nf3 g6 3.c4 Bg7 4.Nc3 d6 5.e4 O-O 6.Be2 e5 7.O-O Nc6 8.d5 Ne7
9.b4 Ne8 10.c5 f5 11.Ng5 Nf6 12.Qb3 h6 13.Ne6 Bxe6 14.dxe6 fxe4 15.cxd6 cxd6
16.Be3 d5 17.Nxd5 Qxd5 18.Bc4 Qc6 19.b5 Qe8 20.b6 a6 21.Bc5 Kh7 22.Qa3 Nfg8
23.Rad1 Rd8 24.Bb3 Rd3 25.Rxd3 exd3 26.Ba4 Qd8 27.Bd7 e4 28.Qb4 Rf5 29.Bd6 Be5
30.Bxe7 Nxe7 31.Qxe4 Qb8 32.g3 d2 33.f4 Bc3 34.Ba4 Qd6 35.Qxb7 Bd4+ 36.Kg2 Qxe6
37.Qxa6 Bxb6 38.Bd1 Ra5 39.Qd3 Rxa2 40.f5 Qd5+ 41.Rf3 gxf5 42.g4 Qxd3 43.Rxd3 Kg7
44.Rd7 Kf8 45.Rb7 Be3 46.Kf3 Bg5 47.h4 Bxh4 48.gxf5 Nxf5 49.Rb8+ Ke7 50.Ke4 Nd6+
51.Kd3 Bg5 52.Rh8 Nf5 53.Rh7+ Kf6 54.Ke4 Ne3  0-1

[Event "ch-POL w"]
[Site "Ostrow POL"]
[Date "2002.03.15"]
[Round "11"]
[White "Kadziolka,B"]
[Black "Worek,J"]
[Result "1/2-1/2"]
[WhiteElo "2210"]
[BlackElo "2224"]

1.Nf3 Nf6 2.d4 g6 3.c4 Bg7 4.Nc3 O-O 5.e4 d6 6.Be2 e5 7.O-O Nc6 8.d5 Ne7
9.b4 a5 10.Ba3 axb4 11.Bxb4 Nd7 12.a4 Bh6 13.a5  1/2-1/2

[Event "13th Goodricke"]
[Site "Calcutta IND"]
[Date "2002.03.17"]
[Round "1"]
[White "Shariyazdanov,A"]
[Black "Ramaswamy,A"]
[Result "1-0"]
[WhiteElo "2532"]
[BlackElo "2320"]

1.d4 Nf6 2.c4 g6 3.Nc3 Bg7 4.e4 d6 5.Be2 O-O 6.Nf3 e5 7.O-O Nc6 8.d5 Ne7
9.Ne1 Nd7 10.Nd3 f5 11.Bd2 Kh8 12.Rc1 Ng8 13.exf5 gxf5 14.f4 e4 15.Nf2 Ndf6
16.Be3 Ne7 17.h3 c6 18.dxc6 bxc6 19.g4 Ng6 20.g5 Ne8 21.Nh1 Nc7 22.Ng3 Ne6
23.Nh5 Rf7 24.Kh2 Kg8 25.Nxg7 Rxg7 26.Qd2 Rb8 27.Rcd1 Rd7 28.b3 Ne7 29.Na4 Ba6
30.Qc3 Qf8 31.Bc1 Ng6 32.Qa5 Bc8 33.Kg3 Qe7 34.h4 Rd8 35.h5 Ngxf4 36.Bxf4 Nxf4
37.Rxf4 Qxg5+ 38.Rg4  1-0

[Event "72nd ch-ARG"]
[Site "Pinamar ARG"]
[Date "2002.03.20"]
[Round "13"]
[White "Garcia Palermo,C"]
[Black "Flores,Di"]
[Result "0-1"]
[WhiteElo "2467"]
[BlackElo "2442"]

1.d4 Nf6 2.c4 g6 3.Nc3 Bg7 4.e4 d6 5.Nf3 O-O 6.Be2 e5 7.O-O Nc6 8.d5 Ne7
9.a4 a5 10.Ra3 Nd7 11.Nh4 f5 12.exf5 gxf5 13.f4 Ng6 14.Nxg6 hxg6 15.Nb5 Rf7
16.Rg3 Nf8 17.c5 Bd7 18.cxd6 cxd6 19.Be3 Bxb5 20.Bxb5 exf4 21.Bxf4 Bxb2 22.Qd2 Bg7
23.Bg5 Qb6+ 24.Kh1 Rc8 25.h4 Qd4 26.Qxa5 Rc2 27.Be8 Rfc7 28.Bd8 R7c5 29.Qe1 Rc1
30.Qxc1 Rxc1 31.Rxc1 Qf4  0-1

[Event "Spring Festival"]
[Site "Budapest HUN"]
[Date "2002.03.21"]
[Round "7"]
[White "Alfred,N"]
[Black "Karabalis,H"]
[Result "0-1"]
[WhiteElo "2247"]
[BlackElo "2196"]

1.d4 Nf6 2.c4 g6 3.Nc3 Bg7 4.e4 d6 5.Be2 O-O 6.Nf3 e5 7.O-O Nc6 8.d5 Ne7
9.b4 a5 10.Ba3 Nh5 11.Nd2 Nf4 12.c5 f5 13.f3 axb4 14.Bxb4 c6 15.Nc4 cxd5
16.cxd6 Nc6 17.Nxd5 Nxb4 18.Nxb4 Be6 19.g3 Nh3+ 20.Kg2 fxe4 21.fxe4 Rxf1
22.Bxf1 Rc8 23.Nd5 Kh8 24.Rb1 Ng5 25.Qd3 Bg4 26.Be2 Bh3+ 27.Kg1 Nxe4 28.Ne7 Rxc4
29.Qxc4 Nxd6 30.Qh4 Qe8 31.Rd1 g5 32.Qxg5 Nf7 33.Qh4 Be6 34.Bh5 Qb5 35.Bxf7 Bxf7
36.Rd8+ Be8 37.Rc8 Qb1+ 38.Kg2 Qxa2+ 39.Kh3 Qe6+ 40.Qg4 Qxe7 41.Qh5 Qd7+
42.Qg4 Qf7 43.Qe2 Qf5+  0-1

[Event "XLVIII Nat & Int"]
[Site "Hermosillo MEX"]
[Date "2002.03.29"]
[Round "5"]
[White "Gonzalez,JC"]
[Black "Ramirez,Al"]
[Result "1-0"]
[WhiteElo "2517"]
[BlackElo "2288"]

1.c4 Nf6 2.Nf3 g6 3.Nc3 Bg7 4.e4 d6 5.d4 O-O 6.Be2 e5 7.O-O Nc6 8.d5 Ne7
9.Bg5 Nd7 10.Nd2 f6 11.Be3 f5 12.f3 f4 13.Bf2 g5 14.b4 Nf6 15.c5 h5 16.Nc4 Ne8
17.Rc1 Rf6 18.a4 Bd7 19.Na5 b6 20.c6 bxa5 21.cxd7 Qxd7 22.b5 Rg6 23.h3 Nf6
24.Nb1 g4 25.fxg4 hxg4 26.Bxg4 Nxg4 27.hxg4 Rf8 28.Qf3 Rxg4 29.Rc3 Rf6 30.Rfc1 Rfg6
31.Rxc7 Rxg2+ 32.Kf1 Qe8 33.Qh3 Qf7 34.Nd2 R2g3 35.Qh4 Bf8 36.Ke2 Rg2 37.Qh3 Bh6
38.Nf3 Bf8 39.Rh1 Qg7 40.Nh4 Rh6 41.Qxg2 Qxg2 42.Nxg2 Rxh1 43.Ne1 Rh2 44.Nf3 Rh1
45.Bxa7 Nxd5 46.exd5 e4 47.b6  1-0

[Event "Asian Youth GU16"]
[Site "Tehran IRI"]
[Date "2002.03.30"]
[Round "3"]
[White "Tuitebaeva,D"]
[Black "Luong Minh Hue"]
[Result "1/2-1/2"]
[WhiteElo "2273"]
[BlackElo "2116"]

1.d4 Nf6 2.c4 g6 3.Nc3 Bg7 4.e4 d6 5.Nf3 O-O 6.Be2 e5 7.O-O Nc6 8.d5 Ne7
9.b4 Nh5 10.Re1 f5 11.Ng5 Nf6 12.Bf3 f4 13.Ne6 Bxe6 14.dxe6 Nc6 15.Nd5 Re8
16.Bb2 Rxe6 17.c5 Re8 18.Qb3 Kh8 19.Rad1 Nxd5 20.Rxd5 Qf6 21.Red1 Rad8 22.b5 Nd4
23.Bxd4 exd4 24.cxd6 Rxd6 25.R1xd4 Rxd5 26.Rxd5 Rd8 27.h3 Rxd5 28.Qxd5 c6
29.bxc6 bxc6 30.e5 cxd5 31.exf6 Bxf6 32.Bxd5  1/2-1/2

[Event "XI ch-MKD"]
[Site "Gevgelija MKD"]
[Date "2002.04.02"]
[Round "2"]
[White "Vasovski,N"]
[Black "Nedev,T"]
[Result "1/2-1/2"]
[WhiteElo "2309"]
[BlackElo "2487"]

1.d4 Nf6 2.c4 g6 3.Nc3 Bg7 4.e4 O-O 5.Nf3 d6 6.Be2 e5 7.O-O Nc6 8.d5 Ne7
9.b4 Nh5 10.c5 f5 11.Ng5 Nf4 12.Bxf4 exf4 13.Rc1  1/2-1/2

[Event "FSGMA April"]
[Site "Budapest HUN"]
[Date "2002.04.03"]
[Round "2"]
[White "Markus,R"]
[Black "Rajlich,V"]
[Result "0-1"]
[WhiteElo "2477"]
[BlackElo "2377"]

1.d4 Nf6 2.c4 g6 3.Nc3 Bg7 4.e4 d6 5.Nf3 O-O 6.Be2 e5 7.O-O Nc6 8.d5 Ne7
9.b4 Nh5 10.Re1 f5 11.Ng5 Nf6 12.f3 c6 13.Be3 Bh6 14.h4 cxd5 15.cxd5 Bd7
16.Rc1 a6 17.Qd2 f4 18.Bf2 Bxg5 19.hxg5 Nh5 20.b5 Nc8 21.bxa6 bxa6 22.Rb1 Qxg5
23.Rb7 Rf7 24.Reb1 Ng3 25.Bxg3 Qxg3 26.Bf1 g5 27.Qf2 Qxf2+ 28.Kxf2 h5 29.Rb8 Ra7
30.R1b7 Rxb7 31.Rxb7 Bb5 32.Rb8 Rc7 33.Nxb5 axb5 34.Bxb5 Kf7 35.a4 g4 36.fxg4 hxg4
37.Be2 g3+ 38.Kf3 Kf6 39.a5 Kg5 40.Rb3 Rc2  0-1

[Event "FIDE GP"]
[Site "Dubai UAE"]
[Date "2002.04.03"]
[Round "1.1"]
[White "Lautier,J"]
[Black "Novik,M"]
[Result "1-0"]
[WhiteElo "2687"]
[BlackElo "2466"]

1.c4 g6 2.e4 Bg7 3.d4 d6 4.Nc3 Nf6 5.Nf3 O-O 6.Be2 e5 7.O-O Nc6 8.d5 Ne7
9.b4 a5 10.Ba3 axb4 11.Bxb4 Nd7 12.a4 Nc5 13.a5 Bd7 14.Bxc5 dxc5 15.Qb3 Ra7
16.a6 b6 17.Nb5 Bxb5 18.cxb5 Nc8 19.Nd2 Nd6 20.Bd3 Qe7 21.Nc4 Kh8 22.Rfe1 Nxc4
23.Bxc4 Qd6 24.Ra3 Re8 25.Qh3 Kg8 26.Qg4 Rf8 27.Rf3 Raa8 28.h4 h5 29.Qh3 Bh6
30.Kh1 Kg7 31.g3 Rh8 32.Kg2 Rh7 33.Ra3 Ra7 34.Rf1 Rh8 35.f4 Rf8 36.Raf3 f6
37.f5 g5 38.hxg5 Bxg5 39.Qxh5 Rh8 40.Qg6+ Kf8 41.Rh1 Rg8 42.Qh5 Ra8 43.Ra3 Ra7
44.Rh3 Rg7 45.Ra1 Rg8 46.Rah1 c6 47.dxc6 Qd4 48.Qe2 Be3 49.Kf3 Rag7 50.Bxg8 Bg1
51.Bc4  1-0

[Event "FSIMB April"]
[Site "Budapest HUN"]
[Date "2002.04.04"]
[Round "3"]
[White "Alfred,N"]
[Black "Kahn,E"]
[Result "0-1"]
[WhiteElo "2246"]
[BlackElo "2320"]

1.d4 Nf6 2.c4 g6 3.Nc3 Bg7 4.e4 d6 5.Be2 O-O 6.Nf3 e5 7.O-O Nc6 8.d5 Ne7
9.Kh1 Nd7 10.g4 f6 11.Be3 f5 12.gxf5 gxf5 13.Ng5 Nf6 14.exf5 Nxf5 15.Rg1 Kh8
16.Qd3 Qe7 17.Rg2 Nh4 18.Rg3 Bf5 19.Qd2 Rg8 20.Rag1 Qd7 21.Bd3 Nh5 22.Qe2 Nxg3+
23.Rxg3 Raf8 24.Nxh7 Bxd3 25.Qxd3 Qf5 26.Qxf5 Rxf5 27.Ng5 Bh6 28.Nce4 Bxg5
29.Bxg5 Nf3 30.h4 Nxg5 31.hxg5 Kg7 32.Kg2 Rh8 33.c5 dxc5 34.Nxc5 Kg6 35.Ne6 e4
36.Rc3 Rh7 37.Rc4 Rhf7 38.Rxe4 Rxf2+ 39.Kg3 Rxb2 40.a4 Rd2 41.Kg4 Rxd5 42.Nf4+ Rxf4+
43.Kxf4 Rf5+ 44.Ke3 Kxg5 45.Kd4 Rf4  0-1

[Event "IDJM"]
[Site "Augsburg GER"]
[Date "2002.04.05"]
[Round "5"]
[White "Loetscher,R"]
[Black "Bromberger,S"]
[Result "1/2-1/2"]
[WhiteElo "2266"]
[BlackElo "2407"]

1.d4 Nf6 2.c4 g6 3.Nc3 Bg7 4.e4 d6 5.Nf3 O-O 6.Be2 e5 7.O-O Nc6 8.d5 Ne7
9.Ne1 Nd7 10.Nd3 f5 11.Bd2 Nf6 12.f3 f4 13.g4 g5 14.b4 h5 15.h3 Ng6 16.Be1 Rf7
17.c5 Bf8 18.a4 Rh7 19.Kg2 Be7 20.a5 Kg7 21.Bf2 Qh8 22.Rh1 Bd7 23.b5 hxg4
24.hxg4 dxc5 25.Nxc5 Nh4+ 26.Bxh4 Bxc5 27.Bxg5 Kg6 28.Rxh7 Qxh7 29.Bxf6 Kxf6
30.Qh1 Qg7 31.Qh4+ Kg6 32.Qh5+ Kf6 33.Qh4+ Kg6 34.Qh5+  1/2-1/2

[Event "Open"]
[Site "Geneva SUI"]
[Date "2002.04.06"]
[Round "5"]
[White "Epishin,V"]
[Black "Cherniaev,A"]
[Result "1-0"]
[WhiteElo "2599"]
[BlackElo "2472"]

1.d4 Nf6 2.c4 g6 3.Nc3 Bg7 4.e4 d6 5.Nf3 O-O 6.Be2 e5 7.O-O Nc6 8.d5 Ne7
9.b4 a5 10.Ba3 axb4 11.Bxb4 b6 12.a4 Re8 13.Re1 Bf8 14.h3 Bb7 15.Bf1 c5 16.dxc6 Nxc6
17.Ba3 Nd4 18.Ra2 Nxf3+ 19.Qxf3 Nd7 20.Rb1 Bc6 21.Qd1 Nc5 22.Bxc5 bxc5 23.Rb5 Kg7
24.Nd5 Ra7 25.Qd2 Qh4 26.Bd3 Bxd5 27.cxd5 c4 28.Bc2 Rc8 29.a5 Be7 30.a6 Qf4
31.Qe2 c3 32.Rb1 Bg5 33.Bd3 Rcc7 34.g3 Qf6 35.Bb5 Rc5 36.Qc2 Qd8 37.Bc6 Ra5
38.Bb7 Rxa2 39.Qxa2 Qc7 40.Qc2 Bd2 41.Kg2 Qc4 42.Rb6 Qc5 43.Rc6 Qb4 44.Qd3 Qd4
45.Qf3 Qa4 46.Rc7 Qe8 47.h4 h5 48.Kh2 Qf8 49.Kg1 Qe8 50.Kg2 Qf8 51.Rxc3 Bxc3
52.Qxc3 Qe7 53.Qc8 Qf8 54.Qc7 Kh6 55.Kg1 f5 56.Qb6 Qb8 57.exf5 gxf5 58.Qe3+  1-0

[Event "6th Linklater Mem"]
[Site "San Francisco USA"]
[Date "2002.04.06"]
[Round "4"]
[White "Keatinge Clay,A"]
[Black "Narayan,C"]
[Result "1-0"]
[WhiteElo "2284"]
[BlackElo "2266"]

1.d4 Nf6 2.c4 g6 3.Nc3 Bg7 4.e4 d6 5.Be2 O-O 6.Nf3 e5 7.O-O Nc6 8.d5 Ne7
9.b4 Nh5 10.c5 h6 11.g3 Bh3 12.Re1 f5 13.Kh1 fxe4 14.Ng1 Bd7 15.cxd6 cxd6
16.Nxe4 Nf6 17.Nxd6 Qb8 18.Nc4 Nfxd5 19.Bf3 e4 20.Bxe4 Bxa1 21.Bxd5+ Nxd5
22.Qxd5+ Rf7 23.b5 Kg7 24.Nd6 Qf8 25.Nxf7 Qxf7 26.Bxh6+ Kg8 27.Qxf7+ Kxf7
28.Rxa1 Bxb5 29.Kg2 Kf6 30.Be3 a6 31.Rd1 Rc8 32.Rd6+ Kg7 33.Bd4+ Kh7 34.Nh3 Rc2
35.Ng5+ Kh6 36.h4 Rxa2 37.Rd8 Kh5 38.Kf3 Be2+ 39.Kf4  1-0

[Event "TCh-CZE 2001-2"]
[Site "CZE"]
[Date "2002.04.07"]
[Round "11"]
[White "Babula,V"]
[Black "Vokac,M"]
[Result "1/2-1/2"]
[WhiteElo "2551"]
[BlackElo "2505"]

1.d4 g6 2.c4 Bg7 3.e4 d6 4.Nc3 Nf6 5.Nf3 O-O 6.Be2 e5 7.O-O Nc6 8.d5 Ne7
9.b4 Kh8 10.c5 Neg8 11.Nd2 Ne8 12.Nc4 f5 13.a4 f4 14.a5 g5 15.Ba3 Ngf6 16.g4 fxg3
17.fxg3 Qe7 18.Qd2 Rg8 19.Ne3 Qf7 20.g4 Bf8 21.Nf5 Qg6 22.cxd6 Nxd6 23.Qe3 Bxf5
24.exf5 Qf7 25.Rfd1 a6 26.Bb2 Re8 27.b5 axb5 28.Nxb5 Nxb5 29.Bxb5 c6 30.dxc6 Nxg4
31.Qe4 Bc5+ 32.Kg2 bxc6 33.Bxc6 Qh5 34.h3 Ne3+ 35.Kg3 Qh4+ 36.Qxh4 gxh4+
37.Kh2 Nxd1 38.Rxd1 Re7 39.f6 Rb8 40.Ba1 Re6 41.Bd7 Rxf6 42.Bxe5 Rf8  1/2-1/2

[Event "IDJM"]
[Site "Augsburg GER"]
[Date "2002.04.09"]
[Round "10"]
[White "Loetscher,R"]
[Black "Langheinrich,F"]
[Result "1/2-1/2"]
[WhiteElo "2266"]
[BlackElo "2405"]

1.d4 Nf6 2.c4 g6 3.Nc3 Bg7 4.e4 d6 5.Nf3 O-O 6.Be2 e5 7.O-O Nc6 8.d5 Ne7
9.Ne1 Ne8 10.Nd3 f5 11.Bd2 Kh8 12.b4 fxe4 13.Nxe4 b5 14.Bg5 bxc4 15.Nb2 Nf6
16.Bxf6 Bxf6 17.Nxc4 Bb7 18.Ne3 Nf5 19.Bc4 Nd4 20.b5 Bg7 21.Qd3 Qh4 22.Rae1 Rae8
23.Nc2 Bc8 24.Nxd4 exd4 25.Ng3 Rxe1 26.Rxe1 Be5 27.Qc2 Qf4 28.Bd3 Bb7 29.Be4 d3
30.Bxd3 Bxd5 31.Re2 Rf7 32.Qd2 Qd4 33.Nf1 Kg7 34.Qe3 Qg4 35.Ng3 h5 36.Ne4 Qf4
37.Qxf4 Rxf4 38.f3 Kh6 39.Rc2 Bf7 40.Kf2 d5 41.Nc5 Rf6 42.g3 Bd4+ 43.Kg2 Be8  1/2-1/2

[Event "Open"]
[Site "Dubai UAE"]
[Date "2002.04.16"]
[Round "2"]
[White "Kiriakov,P"]
[Black "Al Sayed,Mohamad"]
[Result "1-0"]
[WhiteElo "2555"]
[BlackElo "2413"]

1.d4 Nf6 2.c4 g6 3.Nc3 Bg7 4.e4 d6 5.Nf3 O-O 6.Be2 e5 7.O-O Nc6 8.d5 Ne7
9.Ne1 Nd7 10.Be3 f5 11.f3 f4 12.Bf2 g5 13.a4 Ng6 14.a5 Rf7 15.b4 Nf6 16.c5 Bf8
17.c6 h5 18.Kh1 Rh7 19.Nb5 g4 20.Nxa7 g3 21.Nxc8 bxc6 22.Bg1 gxh2 23.Bf2 Qxc8
24.dxc6 h4 25.Bc4+ Kh8 26.Qb3 h3 27.Be6 Qe8 28.b5 hxg2+ 29.Nxg2 Ne7 30.b6 cxb6
31.axb6 Nxc6 32.Rxa8 Qxa8 33.Bh4 Nh5 34.Bf5 Qa6 35.Rb1 Be7 36.b7 Bxh4 37.b8=Q+ Bd8
38.Nxf4 Nxb8 39.Qxb8 Ng3+ 40.Kg2 exf4 41.Qxd8+ Kg7 42.Qg5+  1-0

[Event "Golden Cleopatra"]
[Site "Cairo EGY"]
[Date "2002.04.17"]
[Round "11"]
[White "Ikonnikov,V"]
[Black "Mirzoev,A"]
[Result "1/2-1/2"]
[WhiteElo "2516"]
[BlackElo "2494"]

1.d4 Nf6 2.Nf3 g6 3.c4 Bg7 4.Nc3 O-O 5.e4 d6 6.Be2 e5 7.O-O Nc6 8.Be3 Ng4
9.Bg5 f6 10.Bc1 f5 11.dxe5 dxe5  1/2-1/2

[Event "Open"]
[Site "Dubai UAE"]
[Date "2002.04.17"]
[Round "3"]
[White "Bakre,T"]
[Black "Kuzmin,A"]
[Result "0-1"]
[WhiteElo "2477"]
[BlackElo "2568"]

1.d4 Nf6 2.c4 g6 3.Nc3 Bg7 4.e4 d6 5.Nf3 O-O 6.Be2 e5 7.O-O Nc6 8.d5 Ne7
9.b4 Nh5 10.Re1 f5 11.Ng5 Nf6 12.f3 Nh5 13.g3 f4 14.g4 Bf6 15.Ne6 Bxe6 16.dxe6 Ng7
17.c5 Kh8 18.Bc4 Nc6 19.cxd6 cxd6 20.Nb5 Nxe6 21.Qxd6 Qb6+ 22.Kg2 Bh4 23.Re2 Rad8
24.Qxe6 Rf6 25.Qxf6+ Bxf6 26.Bb2 a6 27.Nc3 Nd4 28.Rd2 Qxb4 29.Bd5 h5 30.h3 Bg7
31.gxh5 gxh5 32.h4 Qb6 33.Bf7 Nxf3 34.Rxd8+ Qxd8 35.Kxf3 Qd3+ 36.Kf2 Qd2+
37.Ne2 Qxb2 38.Rc1 Bf6 39.Rc8+ Kg7 40.Bxh5 Bxh4+ 41.Kf3 Qb6 42.Kg4 Qe6+  0-1

[Event "chJ-POL g20"]
[Site "Trzebinia POL"]
[Date "2002.04.17"]
[Round "8"]
[White "Kadziolka,B"]
[Black "Balkiewicz,E"]
[Result "1-0"]
[WhiteElo "2235"]
[BlackElo "2133"]

1.d4 Nf6 2.c4 g6 3.Nc3 Bg7 4.e4 d6 5.Nf3 O-O 6.Be2 e5 7.O-O Nc6 8.d5 Ne7
9.b4 Nh5 10.c5 Nf4 11.Bxf4 exf4 12.Rc1 Bg4 13.Nd4 Bxe2 14.Ncxe2 c6 15.dxc6 bxc6
16.cxd6 Qxd6 17.Nxc6 Qf6 18.Ned4 Nxc6 19.Nxc6 Rfc8 20.b5 Re8 21.f3 Re6 22.Qd5 Rae8
23.Rfd1 Qh4 24.Nxa7 Bb2 25.Rc8 Ba3 26.Rxe8+ Rxe8 27.Nc6 Qf6 28.e5 Qf5 29.h3 Qc2
30.Kh2 Qf2 31.Qb3 Bc5 32.a4 g5 33.Qd3 Re6 34.Qf5 Rh6 35.Nd8 Qa2 36.e6 fxe6
37.Qf7+ Kh8 38.Qe8+ Kg7 39.Rd7+ Kf6 40.Qf7+  1-0

[Event "XX Open"]
[Site "Metz FRA"]
[Date "2002.04.18"]
[Round "6"]
[White "Vanderstricht,G"]
[Black "Quach,C"]
[Result "1-0"]
[WhiteElo "2420"]
[BlackElo "2118"]

1.d4 Nf6 2.c4 g6 3.Nc3 Bg7 4.e4 d6 5.Nf3 O-O 6.Be2 e5 7.O-O Nc6 8.d5 Ne7
9.b4 c6 10.a4 a5 11.bxa5 c5 12.Qc2 Ne8 13.Bd2 Ra6 14.Rfb1 h6 15.Rb6 Rxa5
16.Rab1 f5 17.Be1 f4 18.Nd2 Kh8 19.Qd1 h5 20.R6b2 Ng8 21.Nb3 Ra7 22.a5 Qg5
23.f3 Qd8 24.Na4 g5 25.Nb6 Nh6 26.Nc1 Rf7 27.Nd3 Bf6 28.Nf2 Rg7 29.h3 Kh7
30.Rb3 Be7 31.R1b2 Nf6 32.Qb1 g4 33.hxg4 hxg4 34.Nxc8 gxf3 35.Bxf3 Qxc8 36.Rxb7 Ra8
37.Rb8 Rxb8 38.Rxb8 Qd7 39.Qb5  1-0